Loading...

Emerging Mind : Reith Lectures 2003

Bibliographic Details
Main Author: Vilayanur Ramachandran
Format: Printed Book
Language:Undetermined
Published: London Profile Books 2011
Subjects:
LEADER 00535nam a2200157Ia 4500
008 140316s9999 xx 000 0 und d
020 |a 1861973039 
082 |a 825  |b VIL/EM 
100 |a Vilayanur Ramachandran 
245 |a Emerging Mind : Reith Lectures 2003 
260 |a London  |b Profile Books  |c 2011 
300 |a 132 
650 |a Philosopgy 
942 |2 ddc  |c BK 
999 |c 13296  |d 13296 
952 |0 0  |1 0  |2 ddc  |4 0  |6 825_000000000000000_VILEM  |7 0  |9 14531  |a KAUCLV  |b KAUCLV  |c GENERAL  |d 2014-03-18  |l 2  |o 825 VIL/EM  |p 222734  |r 2018-11-18  |s 2018-10-30  |w 2014-03-18  |y BK